<?xml version="1.0" encoding="UTF-8"?>
<collection xmlns:xsi="http://www.w3.org/2001/XMLSchema-instance" xsi:schemaLocation="http://www.loc.gov/MARC21/slim http://www.loc.gov/standards/marcxml/schema/MARC21slim.xsd" xmlns="http://www.loc.gov/MARC21/slim">
 <record>
  <leader>00000cam a22000004a 4500</leader>
  <controlfield tag="001">UP-99796217603910436</controlfield>
  <controlfield tag="003">Buklod</controlfield>
  <controlfield tag="005">20230503092542.0</controlfield>
  <controlfield tag="006">a     r    |||| u|</controlfield>
  <controlfield tag="007">ta</controlfield>
  <controlfield tag="008">080209s1995    xx      r    |000 u|eng d</controlfield>
  <datafield tag="020" ind1=" " ind2=" ">
   <subfield code="a">9715501869 (pbk.)</subfield>
  </datafield>
  <datafield tag="020" ind1=" " ind2=" ">
   <subfield code="a">9715501850 (hard)</subfield>
  </datafield>
  <datafield tag="035" ind1=" " ind2=" ">
   <subfield code="a">(iLib)UPD-00000230153</subfield>
  </datafield>
  <datafield tag="040" ind1=" " ind2=" ">
   <subfield code="a">DEDUC</subfield>
  </datafield>
  <datafield tag="041" ind1="0" ind2=" ">
   <subfield code="a">eng</subfield>
  </datafield>
  <datafield tag="042" ind1=" " ind2=" ">
   <subfield code="a">DMLUC</subfield>
  </datafield>
  <datafield tag="090" ind1=" " ind2=" ">
   <subfield code="a">CT 1798 B46</subfield>
   <subfield code="b">L53</subfield>
  </datafield>
  <datafield tag="100" ind1="1" ind2=" ">
   <subfield code="a">Licuanan, Virginia Benitez</subfield>
  </datafield>
  <datafield tag="245" ind1="1" ind2="0">
   <subfield code="a">Paz Marquez Benitez</subfield>
   <subfield code="b">one woman's life, letters, and writing</subfield>
   <subfield code="c">Virginia Benitez Licuanan.</subfield>
  </datafield>
  <datafield tag="246" ind1="2" ind2="0">
   <subfield code="a">One woman?s life, letters, and writings</subfield>
  </datafield>
  <datafield tag="264" ind1=" " ind2="1">
   <subfield code="a">Quezon City</subfield>
   <subfield code="b">Ateneo de Manila University Press</subfield>
   <subfield code="c">c1995.</subfield>
  </datafield>
  <datafield tag="300" ind1=" " ind2=" ">
   <subfield code="a">296 p.</subfield>
   <subfield code="b">ill.</subfield>
  </datafield>
  <datafield tag="505" ind1="0" ind2=" ">
   <subfield code="a">Part I. The years of youth, 1894-1929 -- Transition and transformation -- Memories of many childhoods -- Part II. The golden years, 1930-1939 -- The high tide of life -- Letters to a daughter in America -- Memories in photographs -- Letters to a husband of twenty-five years -- Part III. The years of change, 1940-1983 -- War and aftermath -- Growing old is growing up -- The &quot;real&quot; Paz Marquez Benitez -- After all is said and done -- Afterword -- Index of personal names.</subfield>
  </datafield>
  <datafield tag="520" ind1=" " ind2=" ">
   <subfield code="a">&quot;This book on the life, letters, and writings of Paz Marquez Benitez (1894-1983) marks the birth centenary of this extraordinary woman. Paz Marquez Benitez was among the first generation of Filipinos educated under the Americans. She became a professor of English, as well as the country's first and foremost short story writer in English. The course in short story writing that she taught at the University of the Philippines for thirty years has been credited with having produced some of the brightest and best Filipino writers in English. She also was the founders of the first American-style college for women in the Philippines (the Philippines Women's College). She founded and edited the first Filipino women's magazine. With her husband Dean Francisco Benitez - the founder and first dean of the College of Education of the University of the Philippines - she started the country's first professional magazine for teachers, the Philippine Journal of Education. After her husband died in 1951, she took over as its editor until her death at the age of eighty-nine.&quot;--Back cover.</subfield>
  </datafield>
  <datafield tag="541" ind1=" " ind2=" ">
   <subfield code="a">FI-6991g donated by Dr. Damiana L. Eugenio.</subfield>
  </datafield>
  <datafield tag="600" ind1="1" ind2="0">
   <subfield code="a">Benitez, Paz Marquez</subfield>
   <subfield code="d">1894-1983</subfield>
   <subfield code="x">Correspondence.</subfield>
  </datafield>
  <datafield tag="650" ind1=" " ind2="0">
   <subfield code="a">Women authors, Philippine</subfield>
   <subfield code="x">Biography.</subfield>
  </datafield>
  <datafield tag="650" ind1=" " ind2="0">
   <subfield code="a">Women educators</subfield>
   <subfield code="x">Biography.</subfield>
   <subfield code="z">Philippines.</subfield>
  </datafield>
  <datafield tag="690" ind1="1" ind2="4">
   <subfield code="a">Benitez, Paz Marquez</subfield>
   <subfield code="d">1894-1983</subfield>
   <subfield code="v">Biography.</subfield>
  </datafield>
  <datafield tag="690" ind1="1" ind2="4">
   <subfield code="a">Benitez family.</subfield>
  </datafield>
  <datafield tag="842" ind1=" " ind2=" ">
   <subfield code="a">Book</subfield>
  </datafield>
  <datafield tag="905" ind1=" " ind2=" ">
   <subfield code="a">FI</subfield>
  </datafield>
  <datafield tag="950" ind1=" " ind2=" ">
   <subfield code="a">Biographical reviews</subfield>
  </datafield>
  <datafield tag="852" ind1="0" ind2=" ">
   <subfield code="a">UPD</subfield>
   <subfield code="b">DEDUC</subfield>
   <subfield code="h">CT 1798 B46 L53</subfield>
  </datafield>
  <datafield tag="852" ind1="0" ind2=" ">
   <subfield code="a">UPD</subfield>
   <subfield code="b">DMC</subfield>
   <subfield code="h">CT 1798 B46</subfield>
   <subfield code="i">L53</subfield>
  </datafield>
  <datafield tag="852" ind1="0" ind2=" ">
   <subfield code="a">UPD</subfield>
   <subfield code="b">DMLF</subfield>
   <subfield code="h">CT 1798 B46</subfield>
   <subfield code="i">L53</subfield>
  </datafield>
  <datafield tag="852" ind1="0" ind2=" ">
   <subfield code="a">UPD</subfield>
   <subfield code="b">DSWCD</subfield>
   <subfield code="h">CT 1798 B46</subfield>
   <subfield code="i">L53</subfield>
  </datafield>
  <datafield tag="852" ind1="0" ind2=" ">
   <subfield code="a">UPD</subfield>
   <subfield code="b">GGRR</subfield>
   <subfield code="h">CT 1798 B46</subfield>
   <subfield code="i">L53</subfield>
  </datafield>
  <datafield tag="942" ind1=" " ind2=" ">
   <subfield code="a">Book</subfield>
  </datafield>
 </record>
</collection>
